000 00281nam a22001337a 4500
008 170928b xxu||||| |||| 00| 0 eng d
020 _a9780890611203
041 _aeng
080 _23RD
_a37
100 _a47
101 _aEDU
245 _aRESTLESS
_cJAMESTOWN
942 _2udc
_cBK
999 _c30548
_d30548